000 00467cam a22001577a 4500
008 180718b2013 xxu||||| |||| 00| 0 eng d
020 _a9789382302926
082 _aC41x54 Sh23p
100 _aSharma, Karuna
245 _aPrevention of human rights violations and abuses
_cby Karuna Sharma
260 _aNew Delhi
_bAlfa
_c2013
300 _a321p.
650 _aIndia -- Politics and government
650 _aHuman rights -- India
650 _aCivil rights -- India
999 _c443757
_d443757